Not In The Brochure : A Celebration Of The Obscure And Insignificant

Bibliographic Details
Main Author: Mohammad Radzi Hanif
Format: Book
Language:English
Published: Melaka : Alambaca Sdn.Bhd. , 2009
Subjects:

MARC

LEADER 00000cam a2200000 7i4500
001 0000085638
005 20110520.0
008 110520 eng
020 |a 9789834424008 
090 0 0 |a 778.9 MRH 
100 1 |a Mohammad Radzi Hanif 
245 1 0 |a Not In The Brochure :   |b A Celebration Of The Obscure And Insignificant   |c Mohammad Radzi Hanif 
260 |a Melaka :   |b Alambaca Sdn.Bhd. ,   |c 2009 
300 |a 115p. :   |b col.ill.; ;   |c 18cm. 
650 0 0 |a Nature photography   |x Pictorial works 
999 |a 0000107465   |b Buku   |c Rujukan   |e Perbadanan Perpustakaan Awam Melaka